000 00623nam a2200253Ia 4500
005 20260306153812.0
008 008 260114s9999 xx 000 0 eng d
020 _a9781139344449
037 _aEBOOK
040 _aCRL
040 _beng
040 _cCRL
041 _2eng
041 _aeng
084 _qCRL
100 _aMammone
_91126264
245 0 _aTransnational Neofascism in France and Italy 1st ed
260 _bCambridge University Press
260 _c2015
650 _aPolitical Science
856 _uhttps://doi.org/10.1017/CBO9781139344449
942 _cEBOOK
999 _c1704958
_d1704958